Panchayati Raj Institutions : (Record no. 167464)

MARC details
000 -LEADER
fixed length control field 00711nam a22001937a 4500
005 - DATE AND TIME OF LATEST TRANSACTION
control field 20190904124930.0
010 ## - LCCN (DPL NO)
LC control number ENG-126411
020 ## - INTERNATIONAL STANDARD BOOK NUMBER
Terms of availability 695.00
International Standard Book Number 978-93-86695-07-9
035 ## - SYSTEM CONTROL NUMBER
System control number EN-109943
037 ## - SOURCE OF ACQUISITION
Source of stock number/acquisition DBAD/PUB
082 ## - DEWEY DECIMAL CLASSIFICATION NUMBER
Classification number 352.00722
100 ## - MAIN ENTRY--PERSONAL NAME
Personal name Reddy,Peddireddy Narender
245 ## - TITLE STATEMENT
Title Panchayati Raj Institutions :
Statement of responsibility, etc by Peddireddy Narender Reddy
Remainder of title An Evaliation Of Rural Development Programms /
260 ## - PUBLICATION, DISTRIBUTION, ETC. (IMPRINT)
Place of publication, distribution, etc New Delhi
Name of publisher, distributor, etc Aryan Publication
Date of publication, distribution, etc 2018
270 ## - ADDRESS
City New Delhi
Address 110,Gali No.4, Harphool Vihar, Brpraulla
Postal code 110043
Telephone number 09891896483
Electronic mail address aryanpublication12@gmail.com
300 ## - PHYSICAL DESCRIPTION
Extent 230p.
Dimensions 23cm(hb)
500 ## - GENERAL NOTE
General note Includes Bibliography and Index
942 ## - ADDED ENTRY ELEMENTS (KOHA)
Source of classification or shelving scheme Dewey Decimal Classification
Item type English Books
Classification part 352.00722
Call number suffix RED
Holdings
Withdrawn status Lost status Not for loan Collection code Home library Current library Date acquired Source of acquisition Cost, normal purchase price Full call number Barcode Copy number Cost, replacement price Koha item type
      Non-fiction Sarojini Nagar Sarojini Nagar 04/09/2019 DBAD/PUB 695.00 352.00722 RED EN-109943 1 695.00 English Books

© Delhi Public Library
Hit Counter
free hit counter